Dvadsať minút po rusky prokremeľský denník Izvestia opísal scenár ruského jadrového útoku na americkú radarovú základňu v Česku

Bibliographic Details
Main Author: Novotný, Pavel (Author)
Format: Article
Language:Slovak
PhysicalDescription:Fotogr.
ISSN:1335-4701
Subjects:

MARC

LEADER 00000nab a2200000 a 4500
001 vtls009181871
003 SK-MaSNL
005 20260304051215.0
008 140301c20070530xo dr|p|||||||000 b|slo
015 |a SNBRB2008/01  |2 snkbucl 
038 |a SNKBUCL 
040 |a SNKBUCL  |b slo  |c SNKBUCL  |e AACR2 
041 0 |a slo 
044 |a xo  |c SK 
080 |a 355.02  |x (73:470+571)  |x (470+571:73)  |2 2001 
080 |a 623.764:621.396.9  |x (4)  |2 2001 
080 |a 327  |x (73:470+571)  |x (470+571:73)  |2 2001 
100 1 |a Novotný, Pavel  |4 aut  |9 6392 
245 1 0 |a Dvadsať minút po rusky  |b prokremeľský denník Izvestia opísal scenár ruského jadrového útoku na americkú radarovú základňu v Česku  |c Pavel Novotný 
300 |b Fotogr. 
650 0 7 |a protiraketová obrana  |2 snkbucl  |9 1044483 
650 0 7 |a radarové základne  |2 snkbucl  |9 1044484 
650 0 7 |a vojenská politika  |2 snkbucl  |9 1646 
651 7 |a Spojené štáty americké  |2 snkbucl  |9 18262 
651 7 |a Rusko  |2 snkbucl  |9 17250 
651 7 |a Česko  |2 snkbucl  |9 16753 
651 7 |a Poľsko  |2 snkbucl  |9 16755 
773 0 |t Hospodárske noviny  |g Roč. XV., č. 103 (30.5.2007), s. 7  |x 1335-4701 
852 |a SNK  |b KIS3GCP 
958 |a US 
958 |a RU 
958 |a CZ 
958 |a PL 
999 |c 2702421  |d 2704351